[Event "Challenge"]
[Site "http://www.queenalice.com/game.php?id=1235326"]
[Date "2013.11.25"]
[Round "-"]
[White "heliosafo"]
[Black "wiltonmonteiro91"]
[Result "1-0"]
[WhiteElo "1698"]
[BlackElo "1394"]

1. e4 e5 2. Qh5 Nc6 3. Bc4 g6 4. Qf3 Qe7 5. d3 Nd4 6. Qd1 a5 7. c3 Nc6 8. Nf3 h6
9. O-O Nf6 10. h3 g5 11. b3 Na7 12. Ba3 d6 13. Nxe5 Qxe5 14. Re1 c6 15. d4 Qe7
16. e5 Qd8 17. exf6+ Kd7 18. Qf3 d5 19. Bxf8 Rxf8 20. Re7+ Qxe7 21. fxe7 Kxe7
22. Bd3 f6 23. Nd2 b6 24. Re1+ Kd7 25. Bf5+ Kd8 26. Bxc8 Rxc8 27. Qg3 Kd7 28. c4
Rb8 29. cxd5 cxd5 30. a4 b5 31. Qf3 bxa4 32. Qxd5+ Kc8 33. Rc1+ Nc6 34. Qxc6+
1-0

[Event "Challenge"]
[Site "http://www.queenalice.com/game.php?id=1235574"]
[Date "2013.11.27"]
[Round "-"]
[White "wiltonmonteiro91"]
[Black "santanacampos"]
[Result "0-1"]
[WhiteElo "1390"]
[BlackElo "1682"]

1. c3 e5 2. e4 Bc5 3. b4 Bb6 4. a4 Qf6 5. Qe2 a5 6. Nf3 axb4 7. cxb4 Nc6 8. b5
Nb4 9. Na3 Bd4 10. Nxd4 exd4 11. Bb2 b6 12. Rc1 c6 13. Rc4 c5 14. e5 Qf5 15. g4
Qg5 16. h4 Qe7 17. d3 Bb7 18. f3 Rxa4 19. Nc2 Bd5 20. Nxb4 Bxc4 21. dxc4 Rxb4
22. f4 Qe6 23. Ba3 Rxc4 24. Qe4 Ra4 25. Rh3 Ne7 26. f5 Qa2 27. f6 gxf6 28. exf6
O-O 29. fxe7 Re8 30. g5 d5 31. Qe5 Rxa3 32. Rxa3 Qxa3 33. Qd6 Qe3+ 34. Kd1 Rxe7
35. Qxd5 Qe1+ 36. Kc2 Qxf1 37. Qd8+ Kg7 38. Qxe7 d3+ 39. Kc3 Qf2 40. Qe5+ Kg8
41. Kxd3 Qf1+ 42. Ke4 Qe1+ 43. Kd5 Qxh4 44. Qb8+ Kg7 45. Qxb6 Qxg5+ 46. Kc4 h5
47. Qc7 h4 48. b6 Qc1+ 49. Kd5 h3 50. b7 Qd2+ 51. Kxc5 h2 52. Qg3+ Kf6 53. Qh4+
Qg5+ 54. Qxg5+ Kxg5 55. b8=Q h1=Q 56. Qg8+ Kf6 57. Qd8+ Kg7 58. Kd6 Qd1+ 0-1

[Event "Challenge"]
[Site "http://www.queenalice.com/game.php?id=1237942"]
[Date "2013.12.5"]
[Round "-"]
[White "heliosafo"]
[Black "wiltonmonteiro91"]
[Result "0-1"]
[WhiteElo "1741"]
[BlackElo "1458"]

1. e4 e5 2. Bc4 Qe7 3. d4 Qb4+ 4. Nd2 Nc6 5. Qh5 exd4 6. Bxf7+ Kd8 7. Bxg8 Rxg8
8. Qxh7 Ne7 9. a3 Qa5 10. Nf3 c5 11. O-O g5 12. Nxg5 Qa6 13. Ndf3 d6 14. Nh4 Qe2
15. Nf7+ Kc7 16. Nf5 Qxe4 17. f3 Qxf5 18. Qxf5 Bxf5 19. c3 dxc3 20. bxc3 Bh3 21.
Ra2 Nd5 22. Kh1 Be6 23. Ng5 Bf5 24. c4 Nc3 25. Rb2 Bd3 26. Re1 b5 27. cxb5 Bxb5
28. Bd2 Bg7 29. Bxc3 Bxc3 30. Re7+ Kc6 31. Rc2 Bf6 32. Re4 Bd3 33. Rxc5+ Kxc5
34. Ne6+ Kc6 35. Re1 Rae8 36. Rc1+ Kb6 37. Nf4 Bg5 38. Nd5+ Ka5 39. Rd1 Bd2 40.
h3 Re1+ 41. Rxe1 Bxe1 42. Nf6 Rb8 43. Kh2 Ka4 44. Nd5 Kxa3 45. Nf4 Bc4 46. g4 d5
47. Ne6 Rb2+ 48. Kg1 Rd2 49. g5 Bd3 50. Nf4 Bf5 51. g6 Bxg6 52. Nxg6 d4 53. h4
d3 54. Nf4 Bxh4 55. Kh1 Kb3 56. Ng2 Ra2 57. Nxh4 d2 58. Kg2 d1=Q+ 59. Kg3 Ra4
60. Ng2 Kc3 61. Kf2 Kd3 62. Kg3 Qg1 63. Kh3 Ke2 64. f4 Kf3 65. Nh4+ Kxf4 66.
Ng2+ Kg5 0-1

[Event "Challenge"]
[Site "http://www.queenalice.com/game.php?id=1239415"]
[Date "2013.12.12"]
[Round "-"]
[White "santanacampos"]
[Black "wiltonmonteiro91"]
[Result "0-1"]
[WhiteElo "1758"]
[BlackElo "1429"]

1. e4 e5 2. c4 d6 3. Nc3 Nc6 4. Nf3 Bg4 5. Be2 Bxf3 6. Bxf3 Nf6 7. O-O Be7 8. b3
a6 9. d3 h6 10. Bg4 h5 11. Bh3 g6 12. Bg5 Nxe4 13. Bxe7 Qxe7 14. Nxe4 Nd4 15.
Re1 f5 16. Nd2 O-O-O 17. f4 h4 18. Ne4 Kb8 19. Nc3 Rhe8 20. Nd5 Qf8 21. Qd2 exf4
22. Rxe8 Rxe8 23. Nxf4 g5 24. Ng6 Qf6 25. Qf2 Ne2+ 26. Kf1 Qxa1+ 27. Qe1 Ng3+
28. hxg3 Qxe1# 0-1

[Event "2014.1"]
[Site "http://www.queenalice.com/game.php?id=1241307"]
[Date "2013.12.19"]
[Round "-"]
[White "heliosafo"]
[Black "wiltonmonteiro91"]
[Result "1-0"]
[WhiteElo "1714"]
[BlackElo "1485"]

1. e4 e5 2. Bc4 d6 3. d4 Nc6 4. d5 Na5 5. Nd2 Nf6 6. b4 Nxc4 7. Nxc4 Nxe4 8. Bb2
Qf6 9. Nf3 Bg4 10. h3 Bh5 11. O-O b5 12. Na5 Bxf3 13. Qxf3 Qxf3 14. gxf3 Nd2 15.
Rfd1 Nxf3+ 16. Kf1 Be7 17. Rd3 Ng5 18. Rc3 Kd7 19. Re1 Bf6 20. Rc6 Nxh3 21. c4
Rab8 22. c5 dxc5 23. Rxc5 Nf4 24. Nc6 Rb7 25. Bxe5 Nd3 26. Bxf6 Nxc5 27. Bxg7
Rg8 28. bxc5 Rxg7 29. Re7+ Kc8 30. Ne5 c6 31. Re8+ Kc7 32. d6# 1-0

[Event "Challenge"]
[Site "http://www.queenalice.com/game.php?id=1243387"]
[Date "2013.12.28"]
[Round "-"]
[White "recchdegomm1"]
[Black "wiltonmonteiro91"]
[Result "0-1"]
[WhiteElo "1415"]
[BlackElo "1413"]

1. e4 c6 2. Nf3 e6 3. d4 Nf6 4. Nc3 Bb4 5. Bc4 Bxc3+ 6. Kf1 Bb4 7. Qd3 d5 8. Nd2
dxc4 9. Qxc4 Bxd2 10. Bxd2 Nxe4 11. Ke1 Qf6 12. f3 Nxd2 13. Kxd2 b5 14. Qc5 Bb7
15. Qd6 Na6 16. Kc1 Qg5+ 17. f4 Qxg2 18. Re1 Rd8 19. Qe5 Nb4 20. a3 Qxc2# 0-1

[Event "Challenge"]
[Site "http://www.queenalice.com/game.php?id=1246081"]
[Date "2014.1.7"]
[Round "-"]
[White "recchdegomm1"]
[Black "wiltonmonteiro91"]
[Result "0-1"]
[WhiteElo "1311"]
[BlackElo "1491"]

1. e4 c6 2. Nf3 e6 3. Bc4 b5 4. Bf1 Nf6 5. e5 Ne4 6. d4 d6 7. c3 dxe5 8. a4 bxa4
9. Bc4 c5 10. O-O exd4 11. cxd4 cxd4 12. Bb5+ Bd7 13. Qd3 Bxb5 14. Qxb5+ Qd7 15.
Qd3 Nf6 16. Nxd4 Nc6 17. Rxa4 Ne5 18. Qb5 Qxb5 19. Nxb5 Kd8 20. Rd1+ Kc8 21. f4
Bc5+ 22. Nd4 Nc6 23. Be3 Ng4 24. Rc4 Nxe3 25. Rdc1 Nxc4 26. Kf1 Bxd4 27. Rxc4
Kd7 28. Rc2 Rac8 29. Na3 Nb4 0-1

[Event "Challenge"]
[Site "http://www.queenalice.com/game.php?id=1246167"]
[Date "2014.1.7"]
[Round "-"]
[White "santanacampos"]
[Black "wiltonmonteiro91"]
[Result "1-0"]
[WhiteElo "1688"]
[BlackElo "1500"]

1. e4 c6 2. b4 e6 3. c4 Bxb4 4. Bb2 f6 5. e5 f5 6. a3 Bc5 7. d3 Ne7 8. Nf3 Ng6
9. g3 h5 10. Be2 h4 11. Nxh4 Nxh4 12. Bh5+ g6 13. Bf3 Nxf3+ 14. Qxf3 Na6 15. d4
Bb6 16. c5 Ba5+ 17. Bc3 b6 18. Bxa5 bxa5 19. O-O g5 20. Nd2 g4 21. Qd3 Nc7 22.
Nc4 Ba6 23. Rab1 Nd5 24. Nd6+ Kf8 25. Qxa6 Kg7 26. Rb7 f4 27. Qe2 f3 28. Qd2 Rh5
29. Nc4 a4 30. Na5 Qh8 31. Rxd7+ Kf8 32. h4 gxh3 33. Kh2 Ke8 34. Rb7 Rf5 35.
Nxc6 Rf7 36. Rxf7 Kxf7 37. Qg5 Qh7 38. Nd8+ Ke8 39. Nxe6 Kd7 40. Nf4 Rg8 41. e6+
Ke8 42. Qxd5 Rg7 43. Qa8+ Ke7 44. Qxa7+ Kf6 45. Qb6 Kf5 46. Re1 Re7 47. Nd5 Re8
48. Qb1+ 1-0

[Event "2014.2"]
[Site "http://www.queenalice.com/game.php?id=1248948"]
[Date "2014.1.17"]
[Round "-"]
[White "wiltonmonteiro91"]
[Black "heliosafo"]
[Result "1-0"]
[WhiteElo "1519"]
[BlackElo "1753"]

1. d3 e5 2. e3 Bc5 3. c3 Nf6 4. b4 Be7 5. Nf3 d6 6. d4 e4 7. Nfd2 O-O 8. f3 exf3
9. gxf3 Nd5 10. a4 Nxe3 11. Qb3 Bf5 12. Na3 Bh4+ 13. Ke2 Re8 14. Ne4 Bxe4 15.
fxe4 Rxe4 16. Bxe3 Qe7 17. Nc2 Bg5 18. Bg2 Rxe3+ 19. Nxe3 Qxe3+ 20. Kf1 Bh4 21.
Qc2 c6 22. Rd1 Qf4+ 23. Ke2 Na6 24. Rhf1 Re8+ 25. Kd3 Qxh2 26. Bxc6 Qxc2+ 27.
Kxc2 bxc6 28. b5 cxb5 29. axb5 Nc7 30. Ra1 Nxb5 31. Rfb1 Nc7 32. Rxa7 Nd5 33.
Rd7 Bg3 34. c4 Ne3+ 35. Kd3 h5 36. Rdb7 d5 37. cxd5 Nxd5 38. R1b5 Nf6 39. Ra5 h4
40. Raa7 Rf8 41. Ra1 h3 42. Ke3 h2 43. Kf3 Nh5 44. d5 Rd8 45. Rb5 Re8 46. d6 Re1
47. Rxe1 Bxe1 48. Rxh5 Bb4 49. d7 Ba5 50. Rxh2 Bd8 51. Re2 Kh7 52. Kg4 Kg6 53.
Re8 Bf6 54. d8=Q Bxd8 55. Rxd8 f6 56. Rd5 Kf7 57. Kf5 g6+ 58. Kf4 Ke6 59. Ra5
g5+ 60. Kg4 Kf7 61. Kf5 Kg7 62. Ra6 g4 63. Rxf6 Kh7 64. Kxg4 Kg7 65. Kg5 Kh7 66.
Rf7+ Kg8 67. Kg6 1-0

[Event "Challenge"]
[Site "http://www.queenalice.com/game.php?id=1255873"]
[Date "2014.2.12"]
[Round "-"]
[White "santanacampos"]
[Black "wiltonmonteiro91"]
[Result "0-1"]
[WhiteElo "1759"]
[BlackElo "1492"]

1. e4 c6 2. Bc4 b5 3. Bb3 a5 4. a4 Nf6 5. Qf3 Bb7 6. e5 bxa4 7. Bxa4 Nd5 8. Bb3
e6 9. Bxd5 cxd5 10. Ne2 Qb6 11. O-O d4 12. Qg3 Nc6 13. d3 Qc5 14. Na3 Nxe5 15.
Qf4 f6 16. Nxd4 Bd6 17. Qh4 Ng6 18. Qg4 f5 19. Nxf5 exf5 20. Re1+ Kf8 21. Qe2
Qd5 22. f3 Qe5 23. Qxe5 Nxe5 24. Nb5 Nf7 25. Bd2 a4 26. Nxd6 Nxd6 27. Bb4 Ra6
28. Re5 Kf7 29. Bxd6 Rxd6 30. Rxa4 Kf6 31. f4 g5 32. Raa5 gxf4 33. Rxf5+ Ke7 34.
Rae5+ Re6 35. Rb5 Bc6 36. Rb4 Rg8 37. g3 fxg3 38. hxg3 Rxg3+ 39. Kf1 Rge3 40. d4
Re1+ 41. Kf2 R6e2+ 42. Kg3 Rg2+ 43. Kf4 Rf1+ 44. Ke5 Re2# 0-1

[Event "Challenge"]
[Site "http://www.queenalice.com/game.php?id=1263502"]
[Date "2014.3.9"]
[Round "-"]
[White "santanacampos"]
[Black "wiltonmonteiro91"]
[Result "0-1"]
[WhiteElo "1753"]
[BlackElo "1544"]

1. e4 d6 2. d4 Nf6 3. f3 h6 4. c3 e6 5. Bd3 Nbd7 6. Ne2 e5 7. d5 c6 8. Qa4 cxd5
9. exd5 Nxd5 10. Qe4 N5f6 11. Qe3 a6 12. f4 Qa5 13. Nd2 Nb6 14. b4 Qd5 15. O-O
Be7 16. a3 Nbd7 17. Bc4 Qc6 18. Qg3 exf4 19. Qxg7 Rg8 20. Qxf7+ Kd8 21. Nxf4 Ne5
22. Bd5 Qxc3 23. Ne6+ Kd7 24. Nf8+ Rxf8 25. Qe6+ Kd8 26. Ne4 Qd4+ 27. Kh1 Bxe6
28. Nxf6 Qxa1 29. Bxe6 Rxf6 30. Rd1 Rxe6 31. h3 Nd3 32. Rxd3 Qxc1+ 0-1

[Event "Challenge"]
[Site "http://www.queenalice.com/game.php?id=1264678"]
[Date "2014.3.13"]
[Round "-"]
[White "heliosafo"]
[Black "wiltonmonteiro91"]
[Result "0-1"]
[WhiteElo "1745"]
[BlackElo "1568"]

1. e4 e5 2. Bc4 Qh4 3. Qf3 Nf6 4. d3 h6 5. g3 Qg4 6. Qxg4 Nxg4 7. h3 Nf6 8. Nf3
d6 9. g4 a6 10. a4 Bd7 11. Nc3 Nc6 12. O-O Nb4 13. Ne1 h5 14. f3 hxg4 15. hxg4
c5 16. Nd5 Nfxd5 17. Bxd5 Nxd5 18. exd5 g6 19. c4 O-O-O 20. a5 f5 21. gxf5 gxf5
22. Rf2 f4 23. b3 Be7 24. Kf1 Bh4 25. Re2 Rdg8 26. Ng2 Bg3 27. Kg1 Rh2 28. Be3
Rgh8 29. Kf1 fxe3 30. Rxe3 Rh1+ 31. Ke2 Rxa1 32. f4 exf4 33. Re4 Re8 34. Rxe8+
Bxe8 35. Kf3 Rxa5 36. Ke4 Bg6+ 37. Kf3 Ra2 0-1

[Event "te lasca"]
[Site "http://www.queenalice.com/game.php?id=1267412"]
[Date "2014.3.23"]
[Round "-"]
[White "santanacampos"]
[Black "wiltonmonteiro91"]
[Result "1-0"]
[WhiteElo "1811"]
[BlackElo "1591"]

1. Nf3 d6 2. e4 e5 3. d4 Nc6 4. Bc4 h6 5. dxe5 dxe5 6. Bxf7+ Kxf7 7. Nxe5+ Kf6
8. Nd3 Bd6 9. O-O Nge7 10. Re1 Be5 11. Qf3+ Kg6 12. Rd1 Qf8 13. Nxe5+ Nxe5 14.
Qg3+ Bg4 15. f3 h5 16. Rf1 Qc8 17. Qxe5 Qe6 18. Qxc7 Nc6 19. Rd1 Rad8 20. Rxd8
Rxd8 21. Nc3 Qc4 22. Be3 Rd7 23. Qg3 Nb4 24. fxg4 Nxc2 25. gxh5+ Kh7 26. Qg6+
Kg8 27. Qe8+ Kh7 28. Qxd7 Nxa1 29. Qd1 g6 30. Qxa1 gxh5 31. Bxa7 h4 32. Qf1 Qxa2
33. Nxa2 1-0

[Event "Challenge"]
[Site "http://www.queenalice.com/game.php?id=1269450"]
[Date "2014.3.31"]
[Round "-"]
[White "heliosafo"]
[Black "wiltonmonteiro91"]
[Result "0-1"]
[WhiteElo "1730"]
[BlackElo "1584"]

1. d4 d5 2. Bf4 Nc6 3. e3 Nf6 4. Bd3 Nb4 5. a3 Nxd3+ 6. Qxd3 h6 7. h3 Ne4 8. Nc3
Bf5 9. Qb5+ Qd7 10. Qxb7 Rd8 11. Qxa7 Nxc3 12. bxc3 Bxc2 13. Bxc7 Rc8 14. Bb6
Rxc3 15. Qxd7+ Kxd7 16. a4 e6 17. Ne2 Rc6 18. Ba5 Bd6 19. O-O Bd3 20. Rfd1 Bxe2
21. Rdc1 Rxc1+ 22. Rxc1 g5 23. f3 Bg3 24. Be1 Bd6 25. a5 Ba6 26. e4 dxe4 27.
fxe4 Bf4 28. Rb1 Be3+ 29. Bf2 Bxf2+ 30. Kxf2 Kc7 31. g4 Rd8 32. Ke3 Rd6 33. Rc1+
Kb7 34. e5 Rd5 35. Ra1 Bb5 36. Rb1 Ka6 37. Ra1 Bc6 38. Kd3 Bb5+ 39. Kc3 Be2 40.
Ra2 Bf1 41. h4 gxh4 42. Rh2 h3 43. Rf2 Bg2 44. Rxf7 h2 45. Rf6 h1=Q 46. Rxe6+
Kxa5 47. Re8 Qc1+ 48. Kd3 Qa3+ 49. Ke2 Qf3+ 50. Kd2 Rxd4+ 51. Kc2 Qd3+ 52. Kb2
Qb5+ 53. Kc3 Qd3+ 54. Kb2 Rb4+ 55. Ka2 Qb3+ 56. Ka1 Ra4# 0-1

[Event "Challenge"]
[Site "http://www.queenalice.com/game.php?id=1274066"]
[Date "2014.4.18"]
[Round "-"]
[White "santanacampos"]
[Black "wiltonmonteiro91"]
[Result "1-0"]
[WhiteElo "1826"]
[BlackElo "1606"]

1. e3 d5 2. d4 e6 3. Bb5+ c6 4. Bd3 Nd7 5. Nf3 Ndf6 6. O-O Qc7 7. g3 c5 8. b3 c4
9. bxc4 dxc4 10. Be2 c3 11. Qd3 Bb4 12. Qb5+ Bd7 13. Qxb4 Rc8 14. Ba3 Bc6 15.
Ne5 Ne7 16. Nxc3 Nfd5 17. Nxd5 Nxd5 18. Qc5 f6 19. Nxc6 bxc6 20. Rab1 Kf7 21.
Ba6 Rb8 22. Rxb8 Rxb8 23. Bc4 Kg6 24. Bd3+ f5 25. e4 Nf6 26. exf5+ exf5 27.
Qxf5+ Kf7 28. Bc4+ Ke8 29. Re1+ Kd8 30. Be7+ Qxe7 31. Rxe7 Kxe7 32. Qe5+ Kd7 33.
Qxb8 1-0

[Event "Challenge"]
[Site "http://www.queenalice.com/game.php?id=1278207"]
[Date "2014.5.2"]
[Round "-"]
[White "heliosafo"]
[Black "wiltonmonteiro91"]
[Result "1/2-1/2"]
[WhiteElo "1796"]
[BlackElo "1607"]

1. d4 d5 2. e3 e6 3. Bb5+ c6 4. Bd3 h6 5. Nf3 Bd6 6. O-O g5 7. h3 Nf6 8. c4 a6
9. cxd5 cxd5 10. Nc3 Nc6 11. a3 b6 12. b4 Bd7 13. b5 axb5 14. Nxb5 Bb8 15. Nc3
Qc7 16. g3 Nh5 17. Nb5 Qb7 18. e4 Na7 19. Nxa7 Rxa7 20. exd5 Qxd5 21. Bb2 Bc6
22. Be2 f5 23. Qd3 Rg7 24. Qc4 Qxc4 25. Bxc4 Bxf3 26. d5 e5 27. Rae1 Re7 28.
Bb5+ Kf8 29. Bc6 g4 30. hxg4 fxg4 31. Re3 Rhh7 32. d6 Bxd6 33. Bxf3 gxf3 34.
Rxf3+ Rhf7 35. Rxf7+ Kxf7 36. a4 Ra7 37. Ra1 Nf6 38. Bc1 h5 39. f3 Nd7 40. Bd2
Ke6 41. Kg2 Nc5 42. a5 bxa5 43. Rxa5 Rxa5 44. Bxa5 Nd3 45. Kf1 Kd5 46. Ke2 Kd4
47. Bb6+ Bc5 48. Bc7 Nc1+ 49. Kf2 Kd3+ 50. Kg2 Bd4 51. Bd6 Ke3 52. Be7 Nd3 53.
g4 Nf4+ 54. Kg3 hxg4 55. fxg4 Ke4 56. Bf6 Ng6 57. Bg7 Bc3 58. Bxe5 Kxe5 59. Kf3
Kf6 60. Ke4 Kg5 61. Kf3 1/2-1/2

[Event "Challenge"]
[Site "http://www.queenalice.com/game.php?id=1281473"]
[Date "2014.5.13"]
[Round "-"]
[White "recchdegomm1"]
[Black "wiltonmonteiro91"]
[Result "0-1"]
[WhiteElo "1405"]
[BlackElo "1599"]

1. e4 d5 2. d4 dxe4 3. Nc3 f5 4. Bc4 Nf6 5. Nge2 Nc6 6. O-O a6 7. a3 b5 8. b4
bxc4 9. d5 Ne5 10. f4 Ng6 11. Nd4 Nxd5 12. Bd2 Nxc3 13. Bxc3 e5 14. a4 exd4 15.
b5 dxc3 16. Qe2 axb5 17. axb5 Qd4+ 18. Rf2 Rxa1+ 19. Qf1 Rxf1+ 0-1

[Event "Challenge"]
[Site "http://www.queenalice.com/game.php?id=1288303"]
[Date "2014.6.15"]
[Round "-"]
[White "heliosafo"]
[Black "wiltonmonteiro91"]
[Result "1-0"]
[WhiteElo "1773"]
[BlackElo "1637"]

1. d4 d5 2. Bf4 h6 3. Nc3 c6 4. Bxb8 Rxb8 5. e3 e6 6. Bd3 Bb4 7. Qd2 Qa5 8. a3
Nf6 9. Nf3 Bxc3 10. bxc3 Qc7 11. h3 g5 12. Ne5 a6 13. O-O h5 14. a4 b6 15. c4 c5
16. cxd5 cxd4 17. exd4 Rg8 18. dxe6 Bxe6 19. Bxa6 g4 20. Bb5+ Bd7 21. Nxd7 Nxd7
22. Rfe1+ Kd8 23. Qe3 Qd6 24. c4 Nf6 25. h4 g3 26. c5 bxc5 27. dxc5 gxf2+ 28.
Qxf2 Qc7 29. Qxf6+ Kc8 30. Ba6+ Rb7 31. Bxb7+ Qxb7 32. Qf5+ Kb8 33. Rab1 Rxg2+
34. Kf1 Rb2 35. Rxb2 Qxb2 36. Rb1 Qxb1+ 37. Qxb1+ 1-0

[Event "Challenge"]
[Site "http://www.queenalice.com/game.php?id=1290367"]
[Date "2014.6.25"]
[Round "-"]
[White "santanacampos"]
[Black "wiltonmonteiro91"]
[Result "0-1"]
[WhiteElo "1764"]
[BlackElo "1615"]

1. e3 d5 2. Be2 e6 3. Nf3 Bd6 4. O-O Qf6 5. Re1 g5 6. c3 c5 7. d3 g4 8. Nfd2 h5
9. e4 Qe5 10. g3 h4 11. Bxg4 hxg3 12. fxg3 Rxh2 13. Nf3 Qxg3+ 0-1

[Event "Challenge"]
[Site "http://www.queenalice.com/game.php?id=1292380"]
[Date "2014.7.4"]
[Round "-"]
[White "recchdegomm1"]
[Black "wiltonmonteiro91"]
[Result "0-1"]
[WhiteElo "1379"]
[BlackElo "1626"]

1. e4 e5 2. Nf3 d6 3. Bc4 h6 4. O-O Bg4 5. Re1 g6 6. Nc3 Nc6 7. d4 Nxd4 8. Bb5+
c6 9. Ba4 Qf6 10. Ne2 Bxf3 11. Bxc6+ bxc6 12. c3 Bxe2 13. Rxe2 Nxe2+ 14. Kf1 Nf4
15. g3 Nh3 16. Kg2 Nxf2 17. Qa4 Nh1 18. Qxc6+ Ke7 19. Qb7+ Ke6 20. Qxa8 Qf2+ 21.
Kh3 Qf1+ 22. Kh4 g5+ 23. Bxg5 hxg5+ 24. Kxg5 f6+ 25. Kg4 Nf2+ 26. Kf3 Nd1+ 27.
Kg4 Ne3# 0-1

[Event "Challenge"]
[Site "http://www.queenalice.com/game.php?id=1293647"]
[Date "2014.7.9"]
[Round "-"]
[White "santanacampos"]
[Black "wiltonmonteiro91"]
[Result "1-0"]
[WhiteElo "1822"]
[BlackElo "1616"]

1. e4 e5 2. Be2 Nf6 3. d3 d6 4. Nf3 Bg4 5. O-O Bxf3 6. Bxf3 h6 7. c3 g5 8. Bg4
Na6 9. a3 h5 10. Bf5 Rg8 11. Nd2 Nc5 12. Qe2 a6 13. b4 Na4 14. Nf3 g4 15. Nh4
Nxe4 16. Bxe4 Qxh4 17. Bxb7 Rb8 18. Bc6+ Kd8 19. Bxa4 Bg7 20. Bb3 Rf8 21. Bc4 f5
22. Bxa6 Re8 23. g3 Qf6 24. a4 e4 25. d4 c5 26. Bb5 Re7 27. a5 cxd4 28. a6 d3
29. Qe3 Bh6 30. Qd4 Qxd4 31. cxd4 Rxb5 32. a7 Rxa7 33. Rxa7 Bxc1 34. Rxc1 Rxb4
35. Kf1 h4 36. gxh4 f4 37. h5 d2 38. Rd1 Rb3 39. h6 Rh3 40. h7 Rxh2 41. Ra8+ Ke7
42. h8=Q Rxh8 43. Rxh8 e3 44. fxe3 fxe3 45. Ke2 1-0

[Event "Challenge"]
[Site "http://www.queenalice.com/game.php?id=1294157"]
[Date "2014.7.12"]
[Round "-"]
[White "heliosafo"]
[Black "wiltonmonteiro91"]
[Result "1-0"]
[WhiteElo "1987"]
[BlackElo "1608"]

1. d4 d5 2. Bf4 e6 3. e3 h6 4. h4 c6 5. Bxb8 Rxb8 6. Nf3 Bd6 7. Bd3 Nf6 8. Ne5
Qa5+ 9. c3 Bxe5 10. dxe5 Ne4 11. Bxe4 dxe4 12. Qd6 Ra8 13. O-O Bd7 14. Rd1 Rd8
15. b4 Qb6 16. Qd4 Bc8 17. Qxd8+ Qxd8 18. Rxd8+ Kxd8 19. Nd2 f5 20. exf6 gxf6
21. Nxe4 f5 22. Nd6 Ke7 23. Nxc8+ Rxc8 24. f4 Rd8 25. Kf2 h5 26. c4 Rd2+ 27. Kf3
Kd6 28. a4 e5 29. fxe5+ Kxe5 30. a5 Rd3 31. g3 Rb3 32. Ra4 b5 33. axb6 axb6 34.
c5 b5 35. Ra6 Kd5 36. Ra8 Rxb4 37. Rf8 Ke5 38. Rh8 Rc4 39. Rxh5 b4 40. Rh8 Rxc5
41. Rb8 Rc4 42. h5 Kf6 43. Rg8 Rc2 44. h6 Rh2 45. Rc8 b3 46. Rxc6+ Kg5 47. Rb6
b2 48. h7 b1=Q 49. Rxb1 Rxh7 50. Rb5 Kg6 51. e4 fxe4+ 52. Kxe4 Rf7 53. g4 Re7+
54. Kf3 Re6 55. Kf4 Re1 56. Rb3 Rg1 57. Rg3 Ra1 58. Re3 Ra6 59. Kg3 Ra5 60. Kh4
Kf6 61. Rg3 1-0

[Event "homem desafiando o viado..."]
[Site "http://www.queenalice.com/game.php?id=1304458"]
[Date "2014.8.27"]
[Round "-"]
[White "santanacampos"]
[Black "wiltonmonteiro91"]
[Result "1-0"]
[WhiteElo "1699"]
[BlackElo "1606"]

1. e4 d5 2. Qe2 e6 3. e5 Nd7 4. d4 c6 5. Qf3 h6 6. Bd3 Qh4 7. Ne2 Bb4+ 8. c3 Ba5
9. O-O a6 10. Ng3 g6 11. b3 b5 12. Ba3 Bb6 13. Nd2 a5 14. b4 axb4 15. Bxb4 c5
16. Bxc5 1-0